00225nam a2200073Ia 4500008004100000082000800041100002100049245008100070240331s9999 xx 000 0 und d bWAR aWarnapala, W.A.W 0aCivil service administration in Ceylon :ba study in bureaucratic adaptation